01816nam a2200289 u 450000100070000000500170000700800410002403500110006503500210007604000130009704100080011008000060011808200080012411000950013224500680022726001530029530000350044852007930048365000270127665000480130365000170135165000160136865000360138465000310142065000370145170000380148889539520260506152832.0041019nuuuuuuuu spa  a895395 a(OCoLC)777886409 ccomduadb aspa aG 4a32320aSeminario Estado, Derechos Humanos y Poderes Locales (2001 : Bogotá, Colombia)4auteaut10aSeminario "Estado, Derechos Humanos y Poderes Locales" Memorias aBogotá :bComité Permanente por la Defensa de los Derechos Humanos ;bILSA ;bCorporacion Colectivo de Abogados "José Alvear Restrepo",c2001. a140 páginas :bilustraciones3 aColombia vive una de las más difíciles situaciones en materia de derechos humanos. Los muertos por causa violenta están en el orden de los 30.000 al año, peoducto de una violencia social endémica, con un fuerte componente de violencia política en un contexto de guerra. en esa confrontación las víctimas son, en su mayoría, civiles : campesinos de las áreas apartadas, gente que trabaja por los derechos humanos y otro buen número de personas víctimas de un tipo de violencia socio-política, que llamamos inadecuadamente "de limpiezza social", y que constituyen el conjunto de las violencias que todos sufrimos. el estado se ha mostrado impotente para enfrentar esta situación a pesar de las recomendaciones y las exigencias de la comunidad internacional... 7aDerechos humanos2lemb aAmérica Latina - Aspectos socioculturales 7aEstado2lemb aPoder local 7aParamilitarismozColombia2lemb aActo Legislativo 1 de 2001 7aDerechos humanoszColombia2lemb10aMuñoz Giraldo, Wilson4edteedt